Multiple sclerosis news časopis pre odborníkov v zdravotníctve

Bibliographic Details
Format: Journal
Language:Slovak
PhysicalDescription:8 zv. 27 cm
Od r. 2020 má časopis aj online vydanie: Multiple sclerosis news (Online), ISSN 2644-6901
Published: Bratislava We Make Media Slovakia 2015-2022
ISSN:1339-9322
Subjects:

MARC

LEADER 00000cas a2200000 a 4500
001 vtls010741202
003 SK-MaSNL
005 20260228163503.0
008 150803d20152022xo fr|p 0 b0slo
022 |a 1339-9322 
040 |a SNK  |b slo  |c SNK  |d SVKBB  |e AACR2 
041 0 |a slo 
044 |a xo  |c SK 
072 7 |a 616  |x Patológia. Klinická medicína  |2 konspekt 
080 |a 616.8-003.99-022.6  |2 2011 
080 |a 070.486  |2 2011 
080 |a 616.8  |2 2011 
080 |a 050  |2 2011 
210 0 |a Mult. scler. news  |b (Bratisl.) 
222 0 |a Multiple sclerosis news  |b (Bratislava) 
245 0 0 |a Multiple sclerosis news  |b časopis pre odborníkov v zdravotníctve 
260 |a Bratislava  |b We Make Media Slovakia  |c 2015-2022 
300 |a 8 zv.  |c 27 cm 
310 |a 2x ročne 
362 0 |a Roč. 1, č. 1 (máj 2015) - Roč. 8, č. 2(október 2022) 
500 |a Registračné č. MK SR: EV 5171/15 
500 |a Zodp. red.: (2015), Ivana Šmajdová 
530 |a Od r. 2020 má časopis aj online vydanie: Multiple sclerosis news (Online), ISSN 2644-6901 
650 0 7 |a neurológia  |2 SNKPH  |9 908 
650 0 7 |a roztrúsená skleróza  |2 SNKPH  |9 117925 
650 0 7 |a neuropatológia  |2 SNKPH  |9 78530 
655 7 |a odborné časopisy  |2 SNKPH  |9 70505 
700 1 |a Šmajdová, Ivana  |4 lso  |9 274135 
852 |a Štátna vedecká knižnica v Banskej Bystrici 
910 |a snk 
910 |a svkbb 
916 |a 2015-2018, 2019-2020, 2021, 2022 
999 |c 9552  |d 11482 
952 |0 0  |1 0  |4 0  |7 0  |8 0  |a SNK  |b SNK  |d 2020-11-18  |f 1  |i snk2020/20631  |l 0  |o snkČSB 7305/5/2019  |p 17A1432692  |r 2026-02-21 19:24:14  |t č. 1-2  |w 2026-02-21  |y PREZ 
952 |0 0  |1 0  |4 0  |7 0  |8 0  |a SNK  |b SNK  |d 2023-02-10  |i snk2023/2495  |l 0  |o snkČSB 7305/6/2020 D1  |p 17A1519742  |r 2026-02-21 19:46:47  |t č. 1-2  |w 2026-02-21  |y PREZ 
952 |0 0  |1 0  |4 0  |7 0  |8 0  |a SNK  |b SNK  |d 2024-02-20  |f 1  |i snk2024/2889  |l 0  |o snkČSB 7305/7/2021  |p 17A1522662  |r 2026-02-21 19:48:26  |t č. 1  |w 2026-02-21  |y PREZ 
952 |0 0  |1 0  |4 0  |7 0  |8 0  |a SNK  |b SNK  |d 2024-06-10  |i snk2024/9156  |l 0  |o snkČSB 7305/8/2022 D1  |p 17A1523484  |r 2026-02-21 19:59:55  |t č. 1-2, neúplné  |w 2026-02-21  |y PREZ  |z Chýba č. 2 
952 |0 0  |1 0  |4 0  |7 0  |8 0  |a SNK  |b SNK  |d 2024-06-10  |i snk2024/9155  |l 0  |o snkČSB 7305/8/2022  |p 17A1523483  |r 2026-02-21 19:59:56  |t č. 1-2  |w 2026-02-21  |y PREZ 
952 |0 0  |1 0  |4 0  |7 0  |8 0  |a SNK  |b SNK  |d 2021-07-02  |i snk2021/8074  |l 0  |o snkČSB 7305/5/2019 D1  |p 17A1434970  |r 2026-02-21 21:29:36  |t č. 1-2  |w 2026-02-21  |y PREZ 
952 |0 0  |1 0  |4 0  |7 0  |8 0  |a SNK  |b SNK  |d 2021-07-02  |f 1  |i snk2021/8077  |l 0  |o snkČSB 7305/6/2020  |p 17A1434969  |r 2026-02-21 21:29:36  |t č. 1-2  |w 2026-02-21  |y PREZ 
952 |0 0  |1 0  |4 0  |7 0  |8 0  |a SNK  |b SNK  |d 2019-10-10  |f 1  |i snk2019/25605  |l 0  |o snkČSB 7305/1/2015  |p 17A1383984  |r 2026-02-21 22:00:03  |t č. 1-2  |w 2026-02-21  |y PREZ 
952 |0 0  |1 0  |4 0  |7 0  |8 0  |a SNK  |b SNK  |d 2019-10-10  |f 1  |i snk2019/25628  |l 0  |o snkČSB 7305/2/2016  |p 17A1383985  |r 2026-02-21 22:00:04  |t č. 1  |w 2026-02-21  |y PREZ  |z Č. 2/2016 nevydali 
952 |0 0  |1 0  |4 0  |7 0  |8 0  |a SNK  |b SNK  |d 2019-10-10  |f 1  |i snk2019/25629  |l 0  |o snkČSB 7305/3/2017  |p 17A1383986  |r 2026-02-21 22:00:04  |t č. 1-2  |w 2026-02-21  |y PREZ 
952 |0 0  |1 0  |4 0  |7 0  |8 0  |a SNK  |b SNK  |d 2019-10-10  |f 1  |i snk2019/25630  |l 0  |o snkČSB 7305/4/2018  |p 17A1383987  |r 2026-02-21 22:00:04  |t č. 1-2  |w 2026-02-21  |y PREZ 
952 |0 0  |1 0  |4 0  |7 0  |8 0  |a SNK  |b SNK  |d 2019-10-11  |i snk2019/25737  |l 0  |o snkČSB 7305/2/2016 D1  |p 17A1383988  |r 2026-02-21 22:00:11  |t č. 1  |w 2026-02-21  |y PREZ  |z Č. 2/2016 nevydali 
952 |0 0  |1 0  |4 0  |7 0  |8 0  |a SNK  |b SNK  |d 2019-10-11  |i snk2019/25739  |l 0  |o snkČSB 7305/3/2017 D1  |p 17A1383989  |r 2026-02-21 22:00:11  |t č. 1-2  |w 2026-02-21  |y PREZ 
952 |0 0  |1 0  |4 0  |7 0  |8 0  |a SNK  |b SNK  |d 2019-10-11  |i snk2019/25741  |l 0  |o snkČSB 7305/4/2018 D1  |p 17A1383990  |r 2026-02-21 22:00:11  |t č. 1-2  |w 2026-02-21  |y PREZ